000 00480nam a2200181Ia 4500
008 240925s9999 xx 000 0 und d
020 _a13082610
082 _a004.66 GOL
100 _aGoldberg, Dell
245 0 _aCore MCSE
250 _aNA
260 _aNew Jersey:
_bPrintice- Hall Int.
_c,1999.
300 _aVarious pages
_bNA
_fOriginal
500 _aIncludes Index
600 _aComputer Science
650 _aComputer science, information & general works
942 _cBK
999 _c6056
_d6056